[Event "Skilling Open CCT 2021"]
[Site "Online"]
[Date "2020.11.19"]
[Round "2.2"]
[White "Radjabov, Teimour"]
[Black "Nepomniachtchi, Ian"]
[Result "0-1"]
[WhiteElo "2758"]
[BlackElo "2778"]
[Annotator "TA"]
[PlyCount "82"]
[EventDate "2020.11.20"]
[EventType "tourn"]
[EventCountry "NET"]
[Tiebreak "Koya+Number of black wins+Number of wins"]
[SourceTitle "playchess.com"]
[Source "ChessBase"]
[SourceQuality "1"]

{[%evp 15,82,9,39,39,39,26,41,28,32,36,39,45,86,71,156,158,152,160,152,77,69,
65,48,14,25,20,22,0,0,0,0,0,0,-102,-84,-130,-56,-237,-237,-237,-237,-237,-237,
-342,-342,-342,-336,-335,-335,-332,-320,-335,-335,-335,-308,-445,-438,-425,
-312,-312,-312,-434,-312,-312,-312,-527,-502,-552,-301]} 1. d4 Nf6 2. c4 g6 3.
Nc3 d5 4. Nf3 Bg7 5. Bf4 O-O 6. e3 c5 7. dxc5 Qa5 8. Rc1 Ne4 {[%cal Re4c3]} 9.
Be5 {D93: Grünfeld: 4 Nf3 Bg7 5 Bf4 0-0 6 e3.} (9. Qxd5 $2 Nxc3 10. Qd2 (10.
bxc3 $2 Rd8 $19) 10... Rd8 $19) 9... Bxe5 10. Nxe5 Nc6 11. Nxc6 {White is
slightly better.} ({Weaker is} 11. Qxd5 Bf5 $19) 11... bxc6 12. cxd5 Nxc3 13.
Rxc3 {[#]} ({Much weaker is} 13. bxc3 cxd5 14. Qd4 (14. Qxd5 Be6 $17) 14... Bf5
$15) 13... Qxa2 $5 $146 {[%mdl 8] [#] An interesting novelty.} ({Predecessor:} 
13... Rb8 14. Qd2 Rd8 15. Rb3 Qxd2+ 16. Kxd2 Rxd5+ 17. Kc3 Rxb3+ 18. axb3 Rd1
19. g3 Rc1+ {0-1 (70) Stojanovic,M (2568)-Kuzubov,Y (2639) Dubai 2014}) 14. b4
$1 cxd5 (14... Ba6 $142) 15. Qc1 $16 {Black must now prevent Ra3.} d4 16. exd4
Qd5 17. Be2 (17. Qe3 $142) 17... Rb8 18. O-O {And now b5 would win.} Rxb4 19.
Bf3 Qxd4 20. Rd1 Qe5 21. Re3 Qc7 22. c6 Be6 23. h3 a5 24. Rxe6 (24. Rc3 $11 {
keeps the balance.}) 24... fxe6 $17 25. Qe3 Rf6 (25... Kf7 $17 26. Qh6 Rh8) 26.
g3 $2 {[#]} (26. Qc3 $1 $15) 26... Qb6 $1 $19 {[%cal Rb6e3]} 27. Qxb6 Rxb6 {
[%mdl 4096] Endgame KRR-KRB} 28. c7 Rf8 29. Ra1 (29. Rd8 $142 Rb1+ 30. Kg2)
29... Rc8 30. Rxa5 Rxc7 31. Ra2 Kg7 32. Kg2 Rb4 33. Re2 Kf6 34. Be4 Ra7 35. Re3
(35. h4 $142) 35... Rb2 36. Rf3+ Kg7 37. h4 Rd7 38. Bc6 Rd8 39. Be4 e5 40. h5
$2 (40. g4 {was necessary.}) 40... gxh5 41. Rf5 Rf8 {What a bad dream for
White.  Weighted Error Value: White=0.42/Black=0.16} 0-1

[Event "Skilling Open CCT 2021"]
[Site "Online"]
[Date "2020.11.19"]
[Round "2.3"]
[White "Anton Guijarro, David"]
[Black "Svidler, Peter"]
[Result "1-0"]
[WhiteElo "2667"]
[BlackElo "2742"]
[Annotator "TA"]
[PlyCount "63"]
[EventDate "2020.11.20"]
[EventType "tourn"]
[EventCountry "NET"]
[Tiebreak "Koya+Number of black wins+Number of wins"]
[SourceTitle "playchess.com"]
[Source "ChessBase"]
[SourceQuality "1"]

{[%evp 9,63,16,22,29,26,2,12,0,24,22,17,5,35,21,90,91,108,74,83,78,108,127,127,
125,129,55,41,41,55,42,116,114,190,169,198,46,123,119,122,114,174,164,163,156,
387,238,259,153,264,225,206,220,190,206,229,189]} 1. d4 Nf6 2. c4 g6 3. Nc3 d5
4. cxd5 Nxd5 5. Bd2 Nb6 6. e3 {D85: Exchange Grünfeld: Unusual White 7th moves
and lines with 7 Nf3.} Bg7 {[#]} 7. h4 $146 ({Predecessor:} 7. f4 O-O 8. Nf3 c5
9. dxc5 N6d7 10. Ne4 Bxb2 11. Rb1 Bg7 12. Bc4 Na6 13. Bxa6 bxa6 {1/2-1/2 (29)
Riazantsev,A (2650)-Svidler,P (2765) St Petersburg 2017}) 7... h5 8. Nf3 {
The position is equal.} Bg4 9. Qb3 O-O 10. Ng5 {next Bd3 is good for White.} e5
11. d5 c6 (11... a5 $11 {keeps the balance.}) 12. f3 $16 Bc8 {[%cal Rc6d5]} 13.
dxc6 Nxc6 14. Nce4 Qe7 15. Bb5 Rd8 {[#]} 16. O-O $1 Bf5 17. Rfd1 (17. Rad1 $16)
17... Bxe4 $14 18. Nxe4 Qxh4 19. a4 {[%cal Ba2a4,Ba4a5,Ba5a6][%mdl 32]} Qe7 {
[#]} ({Black should try} 19... Bh6 $14) 20. a5 $1 $16 {[%cal Ra5b6]} Nd7 (20...
Nd5 $16 {was worth a try.}) 21. a6 $36 {[%mdl 2048] Keeping Black busy.} Rab8 {
White must now prevent ...bxa6.} 22. Qa2 $2 (22. Qc2 $18) 22... Nc5 (22... Nb6
$14) 23. Bxc6 $16 bxc6 24. Qa3 {Hoping for Bb4.} Bf8 (24... Rxd2 $16 {was
called for.} 25. Rxd2 Bf8) 25. Bb4 $18 Rxb4 26. Qxb4 Nd3 $2 {A mistake that
costs the game.} (26... Nxa6 $16 {is a better defense.} 27. Qxe7 Rxd1+ 28. Rxd1
Bxe7) 27. Qxe7 Bxe7 28. Rd2 (28. Kf1 $18) 28... f5 (28... Nb4 $16 29. Rc1 Rxd2
30. Nxd2 f6) 29. Nf2 Nb4 {White is clearly better.} 30. Rxd8+ Bxd8 31. Ra4 Nd5
32. Rc4 {Weighted Error Value: White=0.25/Black=0.37} 1-0

[Event "Skilling Open CCT 2021"]
[Site "Online"]
[Date "2020.11.19"]
[Round "2.4"]
[White "Firouzja, Alireza"]
[Black "So, Wesley"]
[Result "1-0"]
[WhiteElo "2703"]
[BlackElo "2741"]
[Annotator "TA"]
[PlyCount "69"]
[EventDate "2020.11.20"]
[EventType "tourn"]
[EventCountry "NET"]
[Tiebreak "Koya+Number of black wins+Number of wins"]
[SourceTitle "playchess.com"]
[Source "ChessBase"]
[SourceQuality "1"]

{[%evp 9,69,0,-1,-13,-14,-16,-25,0,-25,-23,-13,-29,-28,-16,0,-22,0,0,0,0,0,0,0,
-21,0,0,0,0,-9,0,0,0,0,-10,-2,-61,-33,-38,6,-92,-68,-110,-110,-111,172,0,69,72,
238,234,221,223,689,700,825,614,5165,2453,29996,29997,29997,29998]} 1. d4 Nf6
2. Nf3 d5 3. e3 c5 4. dxc5 e6 5. b4 a5 6. c3 {D04: Colle System.} axb4 7. cxb4
b6 $1 8. Bb5+ {Black has an edge.} Bd7 9. Bxd7+ Nbxd7 10. a4 bxc5 11. b5 Bd6
12. Bb2 O-O 13. O-O Qc7 14. Nbd2 c4 15. Bc3 {[#]} e5 $146 ({Predecessor:} 15...
Rfb8 16. Qc2 e5 17. h3 Rb7 18. Rfb1 Rab8 19. Rd1 {1/2-1/2 (19) Bredenhof,B 
(2181)-Petersons,I (2257) ICCF email 2012}) 16. a5 e4 17. b6 Qb8 18. Nd4 Bxh2+
19. Kh1 {Hoping for g3.} Be5 20. Nc6 Qd6 21. Nxe5 Nxe5 22. g3 (22. Bxe5 $11
Qxe5 23. Re1) 22... Nfg4 {( -> ...Qh6+)} 23. Kg2 $1 {Black must now prevent
Nxc4!} Qe6 24. Rb1 (24. Bxe5 $11 {keeps the balance.} Nxe5 25. Nb1) 24... Rfb8
$1 $17 ({And not} 24... Qh6 25. Rh1 $18) 25. Qe2 Nd3 $1 (25... Qh6 26. Rh1 $15)
26. Rb5 {Rxd5! would now be nice for White.} Ra6 $2 {[%mdl 8192] [#]} (26... f5
$1 $17 {Strongly threatening ...Qh6.} 27. Rbb1 Qe8) 27. Nb1 $2 ({Only move:} 
27. Rxd5 $1 $18 {[%mdl 512] Rd4 is the strong threat.} Nxe3+ (27... Qxd5 28.
Qxg4) 28. Qxe3 Qxd5 29. Qxe4 Qxe4+ 30. Nxe4) 27... h5 ({Better is} 27... Qd7
$11 28. Na3 Rd8) 28. Bd4 $1 $14 {[#]} h4 $1 {[%mdl 512]} 29. Rh1 $18 (29. gxh4
Qg6) 29... hxg3 ({Wrong is} 29... Ngxf2 $2 30. Rxh4 Qf5 31. Nc3 $18) 30. fxg3
Nh6 $2 (30... f5 31. Nc3 Rd8) 31. Nc3 Qd6 32. Rxd5 Qa3 {[#]} 33. Rxh6 $1 {
[%mdl 576] Remove Defender} gxh6 34. Qg4+ {[%mdl 64] Double Attack} Kf8 35.
Bg7+ {[%mdl 64] Double Attack.  Weighted Error Value: White=0.28/Black=0.65}
1-0

[Event "Skilling Open CCT 2021"]
[Site "Online"]
[Date "2020.11.19"]
[Round "2.5"]
[White "Aronian, Levon"]
[Black "Vidit, Santosh Gujrathi"]
[Result "1-0"]
[WhiteElo "2778"]
[BlackElo "2636"]
[Annotator "TA"]
[PlyCount "106"]
[EventDate "2020.11.20"]
[EventType "tourn"]
[EventCountry "NET"]
[Tiebreak "Koya+Number of black wins+Number of wins"]
[SourceTitle "playchess.com"]
[Source "ChessBase"]
[SourceQuality "1"]

{[%evp 11,106,49,39,-6,-8,-20,10,12,19,13,13,12,12,22,15,15,13,17,12,14,37,33,
75,76,100,98,102,84,93,80,93,99,150,150,179,174,204,127,122,111,145,122,117,
100,245,245,235,226,229,200,205,198,231,237,252,217,337,249,335,296,322,240,
377,336,489,426,526,518,571,558,550,527,550,532,992,992,992,992,991,990,984,
977,1608,1044,5085,928,918,908,1052,1595,1379,1166,2075,1868,29992,29993,29994]
} 1. d4 Nf6 2. c4 e6 3. Nf3 d5 4. Nc3 c5 5. cxd5 cxd4 6. Qxd4 exd5 7. e3 {
D41: Queen's Gambit Declined: Semi-Tarrasch with 5 cxd5.} Nc6 8. Qd3 $5 {
[%mdl 4] Exploring less charted territory.} Bc5 9. Be2 {The position is equal.}
d4 10. exd4 Nxd4 11. O-O O-O 12. Nxd4 Qxd4 13. Qg3 Ne4 14. Nxe4 Qxe4 15. Bf3
Qb4 16. Bf4 {[#]} Bf5 $146 ({Predecessor:} 16... Be6 17. a3 Qb3 18. Rac1 Bd4
19. Rc7 Qxb2 20. Rxb7 Qxa3 21. Bd6 Qa5 22. Bb4 Qf5 23. Bxf8 Rxf8 {1/2-1/2 (49)
Aronian,L (2802)-Kramnik,V (2800) Moscow 2011}) 17. a3 Qb6 18. Bc7 Qb5 19. b4
Be7 20. Rad1 {Strongly threatening Rd5.} Be6 21. Be5 {[%csl Ge5][%cal Rg3g7]}
g6 {[#]} ({Black should play} 21... f6 22. Bc3 Rf7) 22. Ba1 $1 $16 Rac8 {[#]}
23. Bxb7 $1 {[%mdl 512]} Rc4 ({Not} 23... Qxb7 $2 24. Qe5 $18) 24. Bf3 Qb8 25.
Bd4 $40 {[%mdl 128] White goes for the king.} a6 26. Qxb8 Rxb8 27. Be5 Rbc8 {
Loses the game.} (27... Rd8 $16) 28. Bb7 $18 {[%mdl 64] Double Attack} Re8 29.
Bxa6 Rc2 30. Rc1 Ra2 31. Ra1 Rc2 32. Bb7 Bc4 33. Rfe1 Bg5 (33... Bb5 $142 34.
g3 Bf8) 34. Bc6 Rc8 35. Be4 Rd2 36. h3 Re8 (36... Rd7 $142 37. f4 Be7) 37. Bc3
Rd6 (37... Re2 $142) 38. a4 Rc8 39. Bb7 Rcd8 40. b5 Rd3 41. Ba5 Rb8 42. Bc6 Bb3
43. Bc7 Rf8 44. a5 Bd2 45. a6 Bxe1 46. Rxe1 Rc3 47. a7 Ba4 48. Bb8 (48. Re8
$142 Rxe8 49. Bxe8 Rxc7 50. a8=Q Bxb5 51. Bxb5+ Kg7 52. Qe4) 48... Rxc6 49.
a8=Q {[%mdl 64] And now Qxc6 would win. Double Attack} Bxb5 50. Qb7 Ba4 51. Qb4
Ra6 52. Bf4 {White wants to mate with Bh6.} Bc6 53. Bh6 {[%csl Gh6][%cal Rb4f8]
} Rfa8 {Weighted Error Value: White=0.14/Black=0.34} 1-0

[Event "Skilling Open CCT 2021"]
[Site "Online"]
[Date "2020.11.19"]
[Round "2.6"]
[White "Duda, Jan-Krzysztof"]
[Black "Le, Quang Liem"]
[Result "1/2-1/2"]
[WhiteElo "2774"]
[BlackElo "2744"]
[Annotator "TA"]
[PlyCount "104"]
[EventDate "2020.11.20"]
[EventType "tourn"]
[EventCountry "NET"]
[Tiebreak "Koya+Number of black wins+Number of wins"]
[SourceTitle "playchess.com"]
[Source "ChessBase"]
[SourceQuality "1"]

{[%evp 11,104,33,33,31,29,-6,28,32,39,35,29,21,39,19,19,27,27,7,57,10,12,12,10,
11,41,10,9,0,0,0,0,0,0,0,0,0,0,0,11,0,0,0,0,0,0,0,0,0,0,0,0,0,0,0,0,0,0,0,0,0,
0,0,0,0,0,0,0,0,0,-117,0,-117,-118,-417,-417,-417,0,0,0,0,0,-417,0,0,0,0,0,0,0,
0,0,0,0,0,0]} 1. d4 Nf6 2. c4 e6 3. Nf3 d5 4. Nc3 c5 5. cxd5 cxd4 6. Qxd4 exd5
7. e4 {D41: Queen's Gambit Declined: Semi-Tarrasch with 5 cxd5.} dxe4 8. Qxd8+
Kxd8 9. Ng5 {White has an edge.} Be6 10. Nxe6+ fxe6 11. Bg5 Nc6 12. O-O-O+ {
[%mdl 1024] White has compensation.} Ke8 13. Bb5 Rc8 {[#]} 14. Kb1 $146 ({
Predecessor:} 14. Rhe1 Bb4 15. Bxf6 gxf6 16. Rxe4 Bxc3 17. bxc3 Ke7 18. Ba4 e5
19. Rd3 h5 20. Rh4 {1/2-1/2 (39) Kaan,J (2194)-Galvin,J (2037) ICCF email 2015}
) 14... a6 15. Ba4 Be7 16. Bxf6 gxf6 17. Nxe4 Rg8 18. g3 (18. Bb3 $5 {[%cal
Rb3e6]} Kf7 19. Nd6+ (19. Rd7 Rcd8 $11) 19... Bxd6 20. Rxd6 $14) 18... f5 $1 {
[%cal Rf5e4]} 19. Bb3 Rg6 $1 ({Not} 19... fxe4 $2 20. Bxe6 Rf8 21. Bxc8 $18)
20. Nd6+ Bxd6 21. Rxd6 Ke7 22. Rhd1 Rd8 23. Rxd8 Nxd8 $11 {[%mdl 4096] Endgame
KRB-KRN} 24. Rc1 Kd7 25. Ba4+ b5 26. Bd1 Nc6 27. Bf3 Nd4 28. Bb7 e5 29. Rc5 Kd6
30. b4 a5 31. f4 exf4 32. Rd5+ Kc7 33. Rxd4 {aiming for Bd5.} fxg3 34. hxg3 {
And now Bd5 would win.} Kxb7 {KR-KR} 35. Rd5 Kc6 36. Rc5+ Kb6 37. a4 bxa4 38.
Rxa5 Rxg3 {Strongly threatening ...f4.} 39. Rxf5 Rh3 {Hoping for ...h5.} 40.
Ka2 (40. Kb2 $11 {remains equal.}) 40... h5 $17 41. Rg5 (41. Rc5 $1 $11 {
was the only way to keep the balance.}) 41... h4 42. Rg4 $2 {[%mdl 8192]} (42.
Rh5 $17) 42... Kb5 $19 43. Rf4 {[#]} Rh1 $2 (43... a3 $1 $19 44. Rd4 Ka4 45.
b5+ Kxb5) 44. Ka3 $1 $11 h3 45. Rh4 Kc6 {...h2 is the strong threat.} (45...
Rh2 {is interesting.} 46. Rh5+ Kc4 47. Rh4+ Kc3 48. b5 Rh1) 46. Rh5 $2 {
[%mdl 8192] [#]} (46. Rh6+ $11 {and White is okay.} Kb5 47. Rh5+ Kc6 48. Rh6+
Kd7 49. Kxa4) 46... Kb6 $2 (46... h2 $1 $19 {( -> ...Ra1+)} 47. Rh6+ Kd5) 47.
Kxa4 {The position is equal.} Ra1+ (47... h2 $5 48. Rh6+ $8 Ka7 $11) 48. Kb3
Rh1 49. Rh6+ Kb5 50. Rh5+ Kb6 51. Rh6+ Kb5 52. Rh5+ Kb6 {Weighted Error Value:
White=0.44/Black=0.34} 1/2-1/2

[Event "Skilling Open CCT 2021"]
[Site "Online"]
[Date "2020.11.19"]
[Round "2.7"]
[White "Ding, Liren"]
[Black "Nakamura, Hikaru"]
[Result "1/2-1/2"]
[WhiteElo "2836"]
[BlackElo "2829"]
[Annotator "TA"]
[PlyCount "74"]
[EventDate "2020.11.20"]
[EventType "tourn"]
[EventCountry "NET"]
[Tiebreak "Koya+Number of black wins+Number of wins"]
[SourceTitle "playchess.com"]
[Source "ChessBase"]
[SourceQuality "1"]

{[%evp 12,74,25,8,25,11,12,11,12,10,22,19,30,24,24,20,33,19,19,0,0,0,4,0,0,0,0,
0,0,-22,-40,-29,0,0,0,0,17,25,21,-72,45,19,25,33,38,0,0,-14,-13,-12,-8,-28,-3,
-5,-5,-5,0,-3,0,0,0,-5,0,0,0]} 1. e4 e5 2. Nf3 Nc6 3. Bc4 Bc5 4. c3 Nf6 5. d3
d6 6. O-O h6 {6...a6 is a critical line.} 7. Re1 O-O {C54: Giuoco Piano: 4 c3
Nf6, main lines with 5 d4 and 5 d3.} 8. Nbd2 a5 9. Nf1 Be6 10. Bb5 Ne7 (10...
Bb6 11. Ng3 Ne7 12. h3 Nd7 13. d4 f5 14. dxe5 Nxe5 15. Nd4 Bc8 16. exf5 Nxf5
17. Ngxf5 Bxf5 18. Be3 Bd7 19. f4 Bxd4 20. Bxd4 Bxb5 21. fxe5 Bc6 22. Qg4 dxe5
23. Rxe5 {1-0 (66) Ding,L (2791)-Nakamura,H (2736) chess.com INT 2020}) 11. d4
exd4 12. cxd4 Bb6 13. Ng3 d5 14. e5 Ne4 $1 15. Bd3 Nxg3 16. hxg3 Bg4 {[#]} 17.
Be3 $146 ({Predecessor:} 17. Bc2 c5 18. Be3 cxd4 19. Bxd4 Rc8 20. Rc1 Rc4 21.
Bxb6 Qxb6 22. b3 Rc7 23. Bb1 {1/2-1/2 (44) Carlsen,M (2863)-Nakamura,H (2736)
chess24.com INT 2020}) 17... a4 18. Rc1 Qd7 19. a3 Rfe8 20. Kh2 (20. Qc2 {
is interesting.} Bf5 21. Qd1 c6 22. Be2 Bg4 23. Bd3) 20... Nf5 21. Bb1 Nxe3 22.
Rxe3 Bf5 23. Ba2 c6 24. Nh4 Bh7 25. f4 {[#]} (25. Bb1 $11) 25... Ra5 ({Better
is} 25... g5 $1 $17 {[%cal Rg5h4]} 26. Nf3 gxf4 27. gxf4 Qg4) 26. Bb1 $14 Bxb1
27. Rxb1 Bd8 28. Nf3 (28. Qh5 {is more complex.} Rb5 29. Nf3 Rf8 30. Qh3 Qe6
31. b4) 28... Qg4 29. Ne1 (29. b4 {feels hotter.} axb3 30. Rexb3 b5 31. Qc2 Ra6
32. Rc3) 29... Qxd1 30. Rxd1 Rb5 31. Re2 Bb6 32. g4 {The position is equal.}
Rb3 33. Nd3 Rb5 ({Much weaker is} 33... Bxd4 34. Nc1 $16) 34. Nb4 Ba5 35. Nd3
Bb6 36. Nb4 Ba5 37. Nd3 Bb6 {Weighted Error Value: White=0.12/Black=0.09}
1/2-1/2

[Event "Skilling Open CCT 2021"]
[Site "Online"]
[Date "2020.11.19"]
[Round "2.8"]
[White "Giri, Anish"]
[Black "Karjakin, Sergey"]
[Result "1-0"]
[WhiteElo "2731"]
[BlackElo "2709"]
[Annotator "TA"]
[PlyCount "85"]
[EventDate "2020.11.20"]
[EventType "tourn"]
[EventCountry "NET"]
[Tiebreak "Koya+Number of black wins+Number of wins"]
[SourceTitle "playchess.com"]
[Source "ChessBase"]
[SourceQuality "1"]

{[%evp 9,85,19,20,20,20,0,10,13,21,15,25,29,25,10,12,9,12,9,19,0,16,0,0,0,0,0,
20,6,0,0,37,38,39,33,39,39,39,41,33,54,46,44,106,94,86,79,107,83,124,113,130,
115,142,149,143,140,139,123,235,227,238,231,236,226,263,274,270,270,270,279,
317,259,283,283,282,265,256,255]} 1. d4 Nf6 2. c4 e6 3. Nf3 d5 4. Nc3 Be7 5.
Bf4 O-O 6. a3 {D37: Queen's Gambit Declined: 5 Bf4.} b6 7. Qc2 {is the new
trend.} c5 8. Rd1 {The position is equal.} Bb7 9. cxd5 {[#]} Nxd5 $146 ({
Predecessor:} 9... exd5 10. g3 c4 11. Bg2 a6 12. Ng5 h6 13. h4 hxg5 14. hxg5 g6
15. gxf6 Bxf6 {1-0 (31) Basso,P (2603)-Heberla,B (2566) Forni di Sopra 2020})
10. dxc5 Qc8 11. Nxd5 Bxd5 12. e4 Bb7 13. Bd3 Qxc5 14. Qxc5 (14. Qe2 {looks
sharper.} Nc6 15. Bb5 a6 16. Bd3 Qa5+ 17. Bd2) 14... Bxc5 15. O-O Nd7 16. e5
Bd5 17. Bb5 Rad8 18. Bg5 f6 19. exf6 gxf6 20. Bh6 $36 {[%mdl 2048] Black is
under pressure.} Rf7 21. Nd4 Kh8 22. Ne2 Ne5 $1 23. Nf4 {aiming for Nxe6!} Nf3+
$1 24. Kh1 ({Not} 24. gxf3 $2 Rg8+ 25. Ng2 Bxf3 $19) 24... Nd4 25. Nxd5 exd5 {
White now steadily converts the win.} ({Black should play} 25... Rxd5 $14 26.
Bc4 Rd8) 26. Bd3 a5 27. Rfe1 a4 28. h3 Ra7 29. Bb1 Kg8 30. Re3 Nb3 31. Rg3+ Kh8
32. Rf3 Rf7 33. Ba2 f5 (33... Re7 $16) 34. Kg1 d4 35. Bxb3 axb3 36. Rxb3 Ra8
37. Rbd3 {White has a decisive advantage.} Rf6 38. Bc1 b5 39. b4 Bb6 40. Bb2
Kg7 41. Bxd4 Bxd4 42. Rxd4 Rxa3 43. Rd5 {Weighted Error Value: White=0.06/
Black=0.14} 1-0

[Event "Skilling Open CCT 2021"]
[Site "Online"]
[Date "2020.11.19"]
[Round "3.1"]
[White "Karjakin, Sergey"]
[Black "Vachier-Lagrave, Maxime"]
[Result "1/2-1/2"]
[WhiteElo "2709"]
[BlackElo "2860"]
[Annotator "TA"]
[PlyCount "74"]
[EventDate "2020.11.20"]
[EventType "tourn"]
[EventCountry "NET"]
[Tiebreak "Koya+Number of black wins+Number of wins"]
[SourceTitle "playchess.com"]
[Source "ChessBase"]
[SourceQuality "1"]

{[%evp 25,74,35,39,19,28,9,53,40,43,0,41,31,37,37,30,35,69,22,21,0,0,-25,0,0,0,
0,0,0,0,0,0,0,0,0,0,0,0,0,0,0,0,0,0,0,0,0,0,0,0,0,0]} 1. e4 c5 2. Nf3 d6 3. d4
cxd4 4. Nxd4 Nf6 5. Nc3 Nc6 6. Bg5 e6 7. Qd2 Be7 8. O-O-O a6 9. f4 Bd7 10. Nf3
b5 11. Bxf6 gxf6 12. f5 Qb6 13. Kb1 O-O-O 14. fxe6 {B69: Sicilian:
Richter-Rauzer: 7...a6 8 0-0-0 Bd7 9 f4 Be7 10 Nf3 b5 11 Bxf6.} fxe6 15. g3 b4
16. Ne2 {White is slightly better.} e5 17. Nc1 {[#]} Be6 $146 ({Predecessor:} 
17... f5 18. exf5 Bxf5 19. Be2 d5 20. Nb3 Rhf8 21. h3 Rd6 22. g4 Be4 23. Rhf1
Rg6 {0-1 (43) Karlsson,B-Tulegren,O Sweden 1990}) 18. Qh6 Kb8 19. Bh3 Bf7 20.
Nh4 d5 21. Qg7 Rhf8 22. exd5 Bxd5 23. Bg2 Bxg2 24. Nxg2 {The position is equal.
} Qf2 25. Nh4 Rxd1 26. Rxd1 Rc8 {...Nd4 is the strong threat.} 27. Qxh7 Nd4 {
Hoping for ...f5.} 28. Nb3 Rxc2 29. Rxd4 (29. Qxe7 $2 {is a self mate.} Rxb2+
30. Ka1 Rxa2+ 31. Kb1 Qc2#) 29... Rxb2+ {[%mdl 64] Double Attack} 30. Kc1 exd4
31. Qg8+ $1 {[#]} Ka7 $1 {[%csl Gb2][%cal Rf2c2]} 32. Qc4 Bd6 (32... Kb7 $5 33.
Qd5+ $8 {[#]} Kc7 $1 {[%mdl 512]} 34. Qc4+ Kd6 35. Qc5+ Kd7 $1 {[%mdl 512]} 36.
Qd5+ Kc8 $1 {[%mdl 512]} 37. Qc4+ Kb8 38. Qg8+ Kb7 $1 {[%mdl 512]} 39. Qd5+ Kb8
$1 {[%mdl 512]} 40. Qg8+ $11) 33. Qc6 $1 Rxa2 {[%cal Rf2g1]} 34. Qd7+ Ka8 {
[%cal Rf2g1]} 35. Qc6+ Ka7 {[%cal Rf2g1]} 36. Qd7+ Ka8 {[%cal Rf2g1]} 37. Qc6+
Ka7 {Weighted Error Value: White=0.08/Black=0.06} 1/2-1/2

[Event "Skilling Open CCT 2021"]
[Site "Online"]
[Date "2020.11.19"]
[Round "3.2"]
[White "Nakamura, Hikaru"]
[Black "Giri, Anish"]
[Result "1/2-1/2"]
[WhiteElo "2829"]
[BlackElo "2731"]
[Annotator "TA"]
[PlyCount "89"]
[EventDate "2020.11.20"]
[EventType "tourn"]
[EventCountry "NET"]
[Tiebreak "Koya+Number of black wins+Number of wins"]
[SourceTitle "playchess.com"]
[Source "ChessBase"]
[SourceQuality "1"]

{[%evp 18,89,0,0,0,-22,-18,-25,-14,-19,-18,-41,-31,-54,-58,-65,-58,-64,-55,-78,
-74,-72,-64,-98,-93,-100,-98,-110,-99,-148,-139,-166,-162,-162,-167,-167,-167,
-158,-93,-94,-94,-94,-102,-98,-60,-140,-137,-181,-181,-172,-86,-87,-79,-79,-91,
-139,-97,-100,-102,-127,-122,-121,-113,-180,-87,-112,-93,-81,0,-109,0,-87,0,
-95]} 1. e4 c5 2. Nf3 d6 3. d4 cxd4 4. Nxd4 Nf6 5. Nc3 a6 6. f4 e5 7. Nb3 Nc6
8. Be2 Be7 9. O-O O-O 10. Kh1 Re8 $5 {[%mdl 4] Leaves trodden paths. B92:
Sicilian Najdorf: 6 Be2.} 11. f5 b5 {[#]} 12. Bg5 $146 ({Predecessor:} 12. a3
Bb7 13. Bf3 Rc8 14. Be3 Nb8 15. Qd2 Nbd7 16. Rfe1 Nb6 17. Na5 Ba8 18. Rad1 {
0-1 (36) Beckett,P (1971)-Denham,C ICCF email 2015}) 12... Bb7 {Black has an
edge.} 13. Bxf6 Bxf6 14. Nd5 Nd4 $1 15. c4 Rc8 16. Nxd4 exd4 17. cxb5 axb5 18.
Bd3 Bxd5 19. exd5 b4 20. Qd2 Re3 21. Rae1 Qb6 22. Rc1 Rce8 23. Bc4 h5 24. Rcd1
h4 25. Rfe1 h3 26. gxh3 Qc5 {White must now prevent ...Rxe1+.} 27. b3 d3 (27...
Qc8 $142 28. Rxe3 Rxe3) 28. Rxe3 $17 Rxe3 29. Bxd3 Rxh3 30. Bf1 Rc3 {[%mdl
1024] Black has strong compensation.} 31. Bc4 ({White should try} 31. Bd3 $15)
31... Be5 32. Re1 Rh3 33. Re2 {[#]} Rh5 (33... Rf3 $1 $19 {[%cal Rf3f1] ( -> ..
.Rf1+)} 34. Re4 Qc8) 34. Qd3 Qc8 35. Rf2 Qd8 36. f6 Bxf6 37. Qf3 Rh4 38. Bd3
Qe8 39. Qf5 Be5 40. Qg5 {[#]} (40. Ba6 $17) 40... Rh6 (40... Rd4 $1 $19 {
[%cal Rd4d3] and Black stays clearly on top.} 41. Rf3 g6) 41. Rg2 {aiming for
Qxh6.} Bd4 {And now ...Qe1+ would win.} 42. Re2 {[%cal Re2e8]} Be5 43. Rg2 $1 {
Hoping for Qxh6.} Bd4 {Threatens to win with ...Qe1+.} 44. Re2 {[%cal Re2e8]}
Be5 45. Rg2 $1 {Weighted Error Value: White=0.12/Black=0.20} 1/2-1/2